Genesis of the Arietidae. (Record no. 52658)

MARC details
000 -LEADER
fixed length control field 00949cam a22002651 4500
001 - CONTROL NUMBER
control field s 13000104
003 - CONTROL NUMBER IDENTIFIER
control field DLC
005 - DATE AND TIME OF LATEST TRANSACTION
control field 20260227111911.0
008 - FIXED-LENGTH DATA ELEMENTS--GENERAL INFORMATION
fixed length control field 761014s1889 dcu 000 0 eng
010 ## - LIBRARY OF CONGRESS CONTROL NUMBER
LC control number s 13000104
035 ## - SYSTEM CONTROL NUMBER
System control number (OCoLC)2503503
040 ## - CATALOGING SOURCE
Original cataloging agency DLC
Transcribing agency TxArU
Modifying agency DLC
042 ## - AUTHENTICATION CODE
Authentication code premarc
050 00 - LIBRARY OF CONGRESS CALL NUMBER
Classification number Q11
Item number .S68 vol. 26
086 0# - GOVERNMENT DOCUMENT CLASSIFICATION NUMBER
Classification number SI 1.6:26/2
100 1# - MAIN ENTRY--PERSONAL NAME
Personal name Hyatt, Alpheus,
Dates associated with a name 1838-1902.
245 10 - TITLE STATEMENT
Title Genesis of the Arietidae.
Statement of responsibility, etc. By Alpheus Hyatt.
260 ## - PUBLICATION, DISTRIBUTION, ETC.
Place of publication, distribution, etc. Washington,
Name of publisher, distributor, etc. Smithsonian Institution,
Date of publication, distribution, etc. 1889.
300 ## - PHYSICAL DESCRIPTION
Extent xi, 238, [2] p. 13l.
Other physical details illus., xiv (i.e. 15) plates, vi fold. tab.
Dimensions 33 cm.
440 #0 - SERIES STATEMENT/ADDED ENTRY--TITLE
Title Smithsonian contributions to knowledge
Volume/sequential designation [vol. XXVI, art. 2]
440 #0 - SERIES STATEMENT/ADDED ENTRY--TITLE
Title Smithsonian Institution publication
Volume/sequential designation 673
500 ## - GENERAL NOTE
General note "Published by the Smithsonian Institution in cooperation with the Museum of Comparative Zoology, Cambridge, Mass."
500 ## - GENERAL NOTE
General note Sudocs number: SI 1.6:26/2.
650 #0 - SUBJECT ADDED ENTRY--TOPICAL TERM
Topical term or geographic name entry element Arietidae.

No items available.

Powered by Koha